The zero-carbon question (Record no. 78235)
[ view plain ]
| 000 -LEADER | |
|---|---|
| fixed length control field | 01120cab a2200205 4500 |
| 001 - CONTROL NUMBER | |
| control field | ##L136291 |
| 008 - FIXED-LENGTH DATA ELEMENTS--GENERAL INFORMATION | |
| fixed length control field | 070123n2007 000 0 eng u |
| 035 ## - SYSTEM CONTROL NUMBER | |
| System control number | (Sirsi) u136291 |
| 041 0# - LANGUAGE CODE | |
| Language code of text/sound track or separate title | eng |
| 100 1# - MAIN ENTRY--PERSONAL NAME | |
| Personal name | Donatantonio, Domenic |
| 245 04 - TITLE STATEMENT | |
| Title | The zero-carbon question |
| 260 ## - PUBLICATION, DISTRIBUTION, ETC. | |
| Date of publication, distribution, etc. | 2007 |
| 490 #0 - SERIES STATEMENT | |
| Series statement | Construction News |
| Volume/sequential designation | (7001) 18 January 2007, 12-13(2) |
| 520 ## - SUMMARY, ETC. | |
| Summary, etc. | Discusses the construction industry's reaction to government's new "Code for sustainable homes" (L135998). Argues that the code does not provide a clear definition of a zero-carbon home, and is therefore likely to cause confusion. Also suggests that too much emphasis is placed on new build homes with not enough attention given to the existing housing stock. Calls for clarification on whether a zero-carbon rating should be given on a house by house basis or from community energy sources. Attempts to define a zero-carbon rated home and to explain the star rating system. |
| 590 ## - LOCAL NOTE (RLIN) | |
| Local note | KA |
| 650 24 - SUBJECT ADDED ENTRY--TOPICAL TERM | |
| Topical term or geographic name entry element | DCLG CODE FOR SUSTAINABLE HOMES |
| 651 #4 - SUBJECT ADDED ENTRY--GEOGRAPHIC NAME | |
| Geographic name | England and Wales |
| Chronological subdivision | 1543- |
| 690 ## - LOCAL SUBJECT ADDED ENTRY--TOPICAL TERM (OCLC, RLIN) | |
| Topical term or geographic name as entry element | BUILT ENVIRONMENT-BUILDING STANDARDS |
| 942 ## - ADDED ENTRY ELEMENTS (KOHA) | |
| Suppress in OPAC | 0 |
| Withdrawn status | Lost status | Source of classification or shelving scheme | Damaged status | Not for loan | Home library | Current library | Shelving location | Date acquired | Total Checkouts | Full call number | Barcode | Date last seen | Copy number | Price effective from | Koha item type |
|---|---|---|---|---|---|---|---|---|---|---|---|---|---|---|---|
| Dewey Decimal Classification | London | London | Journal article | 23/01/2007 | L136291 | 136291-1001 | 06/08/2019 | 1 | 06/08/2019 | Journal article |